000
00190 a2200097 4500
020
_a
9788492412723
041
_a
spa
100
_a
Gianni Rodari
245
_a
Tonino el Invisible
942
_c
BK
999
_c
15190
_d
15190